00484nam a2200181 a 4500001001300000003000900013005001700022008004100039020001000080082001700090100002000107245007900127260002500206300000800231500003500239505000800274650002000282nice12345678IN_TiNIC20260116011854.0050524s1953 cala grp 000 0 eng  ac10000a335.454bDEV aDevanandan, P D aCommunism and the Social Revolution in Indiab a Christian Interpretation. aCalcuttabYMCAc1953 a88p aincludes index and biblioraphy2 aApp aCommunism-India